000 00743nai a2200217Ia 4500
003 IN-BaIIA
008 211028c9999 xx s 000 0 eng d
022 _a00278424 (Print)
022 _a10916490 (Online)
040 _cIIA Library
245 0 _aProceedings of the National Academy of Sciences of the United States of America
_h[eJournal]
260 _aWashington, USA
_bNational Academy of Sciences
310 _aWeekly
362 _a1(1); 1915 - 114(52); 2017
521 _bSubscribed through IIA Library
650 _a General Science
_95049
650 _a Science & Mathematics
_932028
650 _aBiological Sciences
856 _uhttps://www.jstor.org/journal/procnatiacadscie
_yClick Here to Access eJournal
942 _cEJ
999 _c35593
_d35593